[Event "Memorial "]
[Site "CNMV Ploiesti"]
[Date "2012.03.16"]
[Round "5.8"]
[White "Turlea , Constantin"]
[Black "Dumitrescu, Mihaela-Andreea"]
[Result "1-0"]
[WhiteElo "2056"]
[BlackElo "1519"]
[PlyCount "89"]
[EventDate "2012.03.10"]

1. d4 d5 2. c4 e6 3. Nf3 f6 4. Nc3 Ne7 5. e4 dxe4 6. Nxe4 Nbc6 7. Be2 Nf5 8. d5
Bb4+ 9. Nc3 Nce7 10. Qa4+ c6 11. Qxb4 cxd5 12. cxd5 Nxd5 13. Bb5+ Kf7 14. Nxd5
Qxd5 15. O-O Nd6 16. Ba4 b5 17. Bb3 Nc4 18. Bxc4 bxc4 19. Be3 Bb7 20. Rad1 Qc6
21. Rd4 Rhc8 22. Rd6 a5 23. Qb6 Qxb6 24. Rxb6 Bd5 25. a3 Rcb8 26. Rd1 Rxb6 27.
Bxb6 Rb8 28. Bd4 Rb3 29. Bc3 Ke7 30. Nd4 Rb7 31. f3 g6 32. Nc2 f5 33. Ne3 Rb5
34. Kf2 f4 35. Ng4 Rb7 36. Rd2 h5 37. Ne5 g5 38. Bxa5 Kf6 39. Bc3 Kf5 40. a4
Rb3 41. a5 Rb7 42. Rd1 Ra7 43. Ra1 Ra6 44. Ra4 g4 45. Nxc4 1-0

[Event "Memorial "]
[Site "CNMV Ploiesti"]
[Date "2012.03.10"]
[Round "2.10"]
[White "Manole, Stefan"]
[Black "Turlea , Constantin"]
[Result "1-0"]
[WhiteElo "2087"]
[BlackElo "2056"]
[PlyCount "76"]
[EventDate "2012.03.10"]

1. e4 c5 2. Nf3 d6 3. d4 cxd4 4. Nxd4 Nf6 5. Nc3 a6 6. f3 e6 7. Be3 Be7 8. Qd2
b5 9. g4 O-O 10. O-O-O Qc7 11. h4 Nc6 12. Nxc6 Qxc6 13. h5 Nd7 14. g5 Ne5 15.
f4 Nc4 16. Bxc4 Qxc4 17. b3 Qc7 18. f5 b4 19. Na4 exf5 20. g6 Bf6 21. h6 hxg6
22. hxg7 Bxg7 23. Qh2 Re8 24. Qh7+ Kf8 25. Bh6 Bxh6+ 26. Qxh6+ Ke7 27. Qg5+ Kd7
28. exf5 Re2 29. Rd2 Rxd2 30. Qxd2 gxf5 31. Qd5 Rb8 32. Re1 Rb5 33. Qxf7+ Kc6
34. Qf6 Rd5 35. Rg1 Kb7 36. Rg7 Bd7 37. Qf7 Re5 38. Qxd7 Qxd7 1-0

[Event "Memorial "]
[Site "CNMV Ploiesti"]
[Date "2012.03.10"]
[Round "1.3"]
[White "Turlea , Constantin"]
[Black "Didiliuc, Dariana Gabriela"]
[Result "0-1"]
[WhiteElo "2056"]
[BlackElo "1515"]
[PlyCount "122"]
[EventDate "2012.03.10"]

1. d4 d5 2. c4 c6 3. e3 Nf6 4. Nf3 e6 5. Nbd2 Be7 6. Bd3 O-O 7. O-O Nbd7 8. Qe2
b6 9. e4 dxe4 10. Nxe4 c5 11. Bf4 cxd4 12. Nxd4 Nc5 13. Nxc5 Qxd4 14. Be5 Qxc5
15. Bxf6 Bxf6 16. Qe4 Qf5 17. Qxa8 Qxd3 18. Qxa7 Bxb2 19. Rad1 Qxc4 20. Qxb6
Bf6 21. Qa7 Qa6 22. Rd7 Qxa7 23. Rxa7 Bd4 24. Rc7 Ba6 25. Rd1 e5 26. a4 Ra8 27.
h3 Bc8 28. a5 Be6 29. Rb1 g6 30. Rb5 h5 31. Rcb7 Kg7 32. Rc7 Ra6 33. h4 Kf6 34.
Kf1 Bf5 35. Kg1 Be4 36. Rc8 Bc6 37. Rb3 Bd7 38. Rc7 Ba4 39. Rf3+ Ke6 40. Rfxf7
Rxa5 41. Rg7 Kf5 42. Rgf7+ Ke6 43. Rg7 Be8 44. Rb7 Bc6 45. Rxg6+ Kd5 46. Rh7
Ra1+ 47. Kh2 Bxf2 48. Rg5 Bxh4 49. Rgxh5 Bf2 50. Rf5 Be3 51. Rg7 Bf4+ 52. g3
Ke6 53. gxf4 Kxf5 54. Rf7+ Ke6 55. Rc7 Kd6 56. Rf7 e4 57. f5 Bd5 58. Rf8 Ke5
59. f6 Rf1 60. Kg3 Rf3+ 61. Kg4 Rxf6 0-1

[Event "Felix Cup 2011   XXVI. Edition"]
[Site "?"]
[Date "2011.05.24"]
[Round "7.12"]
[White "Costin, Petrica"]
[Black "Turlea , Constantin"]
[Result "0-1"]
[WhiteElo "2117"]
[BlackElo "1998"]
[PlyCount "50"]
[EventDate "2011.05.20"]

1. e4 c5 2. Nf3 d6 3. d4 cxd4 4. Nxd4 Nf6 5. Nc3 a6 6. Be2 e6 7. g4 h6 8. Be3
b5 9. a3 Bb7 10. f3 Nbd7 11. Qd2 d5 12. exd5 Nxd5 13. Nxd5 Bxd5 14. O-O-O Be7
15. h4 Qc7 16. Kb1 Rc8 17. g5 h5 18. Rhg1 g6 19. f4 Nb6 20. Nb3 Nc4 21. Qc3
Nxa3+ 22. Ka2 Qxc3 23. bxc3 Nxc2 24. Bd4 Nxd4 25. cxd4 Rc2+ 0-1

[Event "Felix Cup 2011   XXVI. Edition"]
[Site "?"]
[Date "2011.05.22"]
[Round "5.10"]
[White "Helmer, Janos"]
[Black "Turlea , Constantin"]
[Result "1-0"]
[WhiteElo "2196"]
[BlackElo "1998"]
[PlyCount "100"]
[EventDate "2011.05.20"]

1. c4 Nf6 2. Nf3 e6 3. g3 c5 4. Bg2 Nc6 5. Nc3 Be7 6. O-O d5 7. cxd5 exd5 8. d4
cxd4 9. Nxd4 O-O 10. Bg5 Re8 11. e3 h6 12. Bxf6 Bxf6 13. Bxd5 Nxd4 14. exd4 Qb6
15. Qb3 Qxb3 16. axb3 Bxd4 17. Rfd1 Bxc3 18. bxc3 Be6 19. Bxe6 Rxe6 20. Rd7 Rb6
21. b4 a6 22. Re1 a5 23. bxa5 Rxa5 24. Re8+ Kh7 25. Rxf7 Rc5 26. Ree7 Rg6 27.
Rxb7 Rxc3 28. h4 Rc5 29. Rb8 Rc4 30. Kh2 Rc5 31. Kh3 Rd5 32. Rff8 Rc6 33. Rh8+
Kg6 34. Rb7 Rf6 35. Rg8 Rf7 36. Rxf7 Kxf7 37. Ra8 Rd2 38. Kg2 g6 39. Ra6 Kg7
40. g4 Rd4 41. Kg3 Rb4 42. Ra7+ Kf6 43. Rh7 Rb3+ 44. f3 Rb5 45. h5 gxh5 46.
Rxh6+ Kg7 47. Rxh5 Rb3 48. g5 Rc3 49. Kg4 Rc4+ 50. f4 Rc5 1-0

[Event "Felix Cup 2011   XXVI. Edition"]
[Site "?"]
[Date "2011.05.21"]
[Round "2.7"]
[White "Turlea , Constantin"]
[Black "Stanciu, Alexandru Ovidiu"]
[Result "0-1"]
[WhiteElo "1998"]
[BlackElo "2356"]
[PlyCount "68"]
[EventDate "2011.05.20"]

1. d4 Nf6 2. c4 e6 3. Nf3 b6 4. e3 Bb7 5. Be2 d5 6. O-O Bd6 7. Nc3 O-O 8. b3
Nbd7 9. Bb2 a6 10. Rc1 Qe7 11. Nb1 Ne4 12. Nbd2 f5 13. Ne5 Nxe5 14. dxe5 Bc5
15. Nf3 dxc4 16. Rxc4 b5 17. Rc2 Rfd8 18. Qc1 Bb6 19. Nd2 Nxf2 20. Rxf2 Bxe3
21. Qe1 Qb4 22. Bf3 Bxf2+ 23. Qxf2 Bxf3 24. Qxf3 Rd5 25. Nf1 Rad8 26. Rxc7 Qa5
27. Rc1 b4 28. h3 Qxa2 29. Rc2 Qb1 30. Rf2 Qe4 31. Qxe4 fxe4 32. Rf4 Rd3 33.
Rxe4 Rxb3 34. Ne3 Rxb2 0-1

[Event "Cupa CONPET 2010"]
[Site "?"]
[Date "2010.10.31"]
[Round "8.6"]
[White "Adoamnei, Roxana-Antonela"]
[Black "Turlea , Constantin"]
[Result "1-0"]
[WhiteElo "1959"]
[BlackElo "1989"]
[Annotator "Anuta Laurentiu"]
[PlyCount "59"]
[EventDate "2010.??.??"]

1. d4 Nf6 2. Nf3 e6 3. e3 c5 4. Bd3 d5 5. b3 Nc6 6. O-O Bd6 7. Bb2 O-O 8. Nbd2
Re8 ({RR} 8... Nb4 9. Be2 b6 10. Ne5 Bb7 11. a3 Nc6 12. Bd3 Rc8 13. Qe2 Rc7 14.
Nxc6 Bxc6 15. dxc5 Bxc5 16. Rfd1 Qe7 17. c4 a5 18. cxd5 exd5 19. Nf3 Ne4 20.
Rdc1 Re8 21. Nd4 Bd7 22. Rc2 Rcc8 23. Ba6 {
Payen,A-Lesiege,A/Gonfreville 1999/CBM 070 ext/1-0 (37)}) 9. Ne5 cxd4 ({RR} 
9... Nb4 10. Bb5 Bd7 11. Nxd7 Nxd7 12. dxc5 Bxc5 13. e4 a6 14. Be2 Rc8 15. c3
Nc6 16. exd5 exd5 17. Nf3 Nf6 18. Bd3 Rc7 19. a3 Ne4 20. Qc2 Rce7 21. Rad1 Qc7
22. b4 Ba7 23. c4 dxc4 24. Bxc4 {
Corke,A-Middelveld,M/Kemer 2007/CBM 121 Extra/1-0 (44)}) 10. exd4 Qc7 11. Re1
$146 ({RR} 11. f4 Nb4 12. Bb5 Bd7 13. Bxd7 ({RR} 13. Nxd7 Nxd7 14. c3 Nc6 15.
Qf3 f5 16. c4 a6 17. Ba4 Nf6 18. Kh1 Rab8 19. c5 Be7 20. Qe3 Bf8 21. Rac1 g6
22. b4 Bg7 23. a3 Kh8 24. Bc3 Ne4 25. Nxe4 dxe4 26. Rfd1 Red8 27. Bb3 Qf7 {
Pedersen,E-Laursen,N/Denmark 2001/EXT 2002/1-0 (41)}) 13... Nxd7 14. c4 f6 15.
Nxd7 Qxd7 16. Qf3 Qf7 17. c5 Bc7 18. a3 Nc6 19. Rae1 Re7 20. Qg4 Rae8 21. Bc3
Qg6 22. Qxg6 hxg6 23. b4 e5 24. fxe5 fxe5 25. dxe5 Nxe5 {
Candura,S-Fiorili,R/Milan 2005/EXT 2007/0-1 (44)}) 11... Nb4 12. Bb5 Bd7 13.
Nxd7 Nxd7 14. c3 Bxh2+ 15. Kh1 Nc6 16. g3 Bxg3 17. fxg3 Qxg3 18. Nf1 Qh4+ 19.
Nh2 Nf6 20. Qf3 e5 21. Rg1 Ne4 22. Raf1 f5 23. Bxc6 bxc6 24. dxe5 Nd2 25. Qf4
Qxf4 26. Rxf4 Ne4 27. Rxf5 Rad8 28. Ng4 h6 29. Nxh6+ Kh7 30. Nf7 1-0

[Event "Cupa CONPET 2010"]
[Site "?"]
[Date "2010.10.30"]
[Round "6.4"]
[White "Telea, Stefan"]
[Black "Turlea , Constantin"]
[Result "0-1"]
[WhiteElo "2157"]
[BlackElo "1989"]
[Annotator "Anuta Laurentiu"]
[PlyCount "42"]
[EventDate "2010.??.??"]

1. Nf3 e6 2. g3 c5 3. Bg2 Nc6 4. d4 cxd4 5. Nxd4 d5 6. O-O Nf6 7. c4 Be7 8. Nc3
O-O 9. Bf4 Qb6 10. Ndb5 e5 11. Bg5 dxc4 12. Qa4 a6 13. Bxf6 axb5 14. Qxa8 Be6
15. Na4 bxa4 16. Qxa4 Bxf6 17. Rab1 Bf5 18. Rbc1 Be6 19. Rc2 Rd8 20. Rfc1 g6
21. e3 Nb4 0-1

[Event "Cupa CONPET 2010"]
[Site "?"]
[Date "2010.10.30"]
[Round "7.1"]
[White "Turlea , Constantin"]
[Black "Mosnegutu, Klauss"]
[Result "0-1"]
[WhiteElo "1989"]
[BlackElo "2267"]
[Annotator "Anuta Laurentiu"]
[PlyCount "102"]
[EventDate "2010.??.??"]

1. d4 Nf6 2. c4 e6 3. Nf3 Bb4+ 4. Bd2 Qe7 5. a3 Bxd2+ 6. Nbxd2 d6 7. e4 e5 8.
Bd3 Bg4 ({RR} 8... O-O 9. O-O c5 ({RR} 9... a5 10. Qc2 Nc6 11. d5 Nb8 12. b4
Na6 13. c5 axb4 14. Bxa6 Rxa6 15. axb4 Rxa1 16. Rxa1 Bg4 17. Ra7 Rb8 18. h3 Bh5
19. Nh4 Be2 20. Nf5 Qd8 21. Nb3 Ba6 22. Na5 g6 23. Ne3 Qc8 24. cxd6 {
Rajesh,V-Aydogdu,A/Kemer 2007/CBM 121 Extra/1/2-1/2 (45)}) 10. d5 Na6 11. Rb1
Nh5 12. g3 g6 13. Ne1 Nc7 14. b4 b6 15. Ng2 Bh3 16. Bc2 Ne8 17. f4 exf4 18.
gxf4 f5 19. Qf3 Bxg2 20. Qxg2 Neg7 21. Rbe1 fxe4 22. Rxe4 Qd7 23. Bd1 {
Turikov,V-Churkin,V/St Petersburg 2006/EXT 2007/1/2-1/2}) 9. Qb3 b6 $146 ({RR} 
9... Bc8 10. O-O O-O 11. Rae1 Nbd7 12. Bb1 Re8 13. Qc2 Nf8 14. Nb3 Bg4 15. Nfd2
Ng6 16. f3 Bd7 17. d5 Nh5 18. Nc1 Qg5 19. Rf2 Ngf4 20. Kh1 Qh4 21. Nf1 Qg5 22.
Ne2 Nxe2 23. Qxe2 Rf8 24. Qe3 {
Lukoviczki,M-Hahn,M/Dortmund 1998/EXT 2002/0-1 (57)}) 10. O-O O-O 11. Rfe1 Bxf3
12. Nxf3 Nbd7 13. Qc3 c5 14. d5 Nh5 15. g3 g6 16. Qd2 f6 17. Bf1 f5 18. Qg5 Qg7
19. Bh3 h6 20. Qe3 fxe4 21. Nd2 Ndf6 22. Re2 g5 23. Bg2 Nf4 24. gxf4 exf4 25.
Qc3 f3 26. Nxf3 exf3 27. Bxf3 Nd7 28. Qxg7+ Kxg7 29. Re7+ Rf7 30. Rxf7+ Kxf7
31. Re1 Ne5 32. Bh5+ Kf6 33. Re4 Rg8 34. Be2 Kf5 35. Re3 Rf8 36. b3 Kg6 37. Kg2
Rf4 38. h3 Rd4 39. Bf3 Kf6 40. Be2 a6 41. a4 a5 42. Kg3 Kf5 43. Bf3 Kf6 44. Be2
Kg6 45. Bf3 h5 46. Be4+ Kf6 47. Kg2 h4 48. Re2 Rd1 49. Re3 Rd2 50. Kg1 g4 51.
hxg4 Nxg4 0-1

[Event "Cupa CONPET 2010"]
[Site "?"]
[Date "2010.10.29"]
[Round "5.2"]
[White "Turlea , Constantin"]
[Black "Miroiu, George Catalin"]
[Result "0-1"]
[WhiteElo "1989"]
[BlackElo "2219"]
[Annotator "Anuta Laurentiu"]
[PlyCount "66"]
[EventDate "2010.??.??"]

1. d4 Nf6 2. c4 g6 3. Nc3 Bg7 4. g3 O-O 5. Bg2 d6 6. Nf3 Nc6 7. O-O e5 8. d5
Ne7 9. Qc2 ({RR} 9. a4 a5 10. c5 Ne8 11. cxd6 Nxd6 12. e4 c6 13. dxc6 Nxc6 14.
Bg5 Bf6 15. Bxf6 Qxf6 16. h3 Rd8 17. Nd5 Qg7 18. Rc1 f6 19. Qe2 Be6 20. Rfd1
Kh8 21. Qe3 Rab8 22. Nb6 f5 23. exf5 Nxf5 {
Ivanchuk,V-Temirbaev,S/Yerevan 1996/EXT 97/1/2-1/2 (42)}) 9... Nh5 10. e4 ({RR
} 10. Ne1 f5 11. f4 Kh8 12. e3 h6 13. b3 g5 14. Nd3 gxf4 15. exf4 e4 16. Nf2 c6
17. Bb2 cxd5 18. Nxd5 Nxd5 19. Bxg7+ Kxg7 20. cxd5 Bd7 21. Rfc1 Rc8 22. Qd1 Nf6
23. Rxc8 Bxc8 24. Qd4 Qa5 {
Nezbailo,D-Frolochkin,V/St Petersburg 2005/EXT 2006/0-1 (35)}) 10... h6 $146 ({
RR} 10... f5 11. h3 Nf6 12. Bg5 h6 13. Bxf6 Bxf6 14. Nd2 Bg7 15. b4 a5 16. a3
fxe4 17. Ndxe4 Nf5 18. Qd1 Nd4 19. Rc1 axb4 20. axb4 b6 21. c5 bxc5 22. bxc5 h5
23. cxd6 cxd6 24. Rb1 Ba6 25. Re1 {
Peric,D-Ribicic,M/Stobrec 2003/EXT 2005/0-1 (33)}) 11. b4 f5 12. c5 Nf6 13.
exf5 Nxf5 14. Bb2 g5 15. Rad1 g4 16. Nd2 Nd4 17. Qd3 Bf5 18. Nce4 dxc5 19. bxc5
Nxd5 20. Bxd4 exd4 21. Qb3 Kh8 22. Qxb7 Rb8 23. Qxa7 Nc3 24. Nxc3 dxc3 25. Nb3
Qe7 26. Nd4 Bxd4 27. Rxd4 c2 28. Qa6 Kg7 29. Qc4 Rb1 30. c6 Rxf1+ 31. Qxf1 Re8
32. Rc4 Qe1 33. Rc5 Bd3 0-1

[Event "Cupa CONPET 2010"]
[Site "?"]
[Date "2010.10.24"]
[Round "4.3"]
[White "Iordache, Adrian"]
[Black "Turlea , Constantin"]
[Result "0-1"]
[WhiteElo "2001"]
[BlackElo "1989"]
[Annotator "Anuta,Laurentiu"]
[PlyCount "56"]
[EventDate "2010.??.??"]

1. e4 c5 2. Nf3 d6 3. d4 cxd4 4. c3 Nf6 5. Bd3 dxc3 6. Nxc3 g6 7. O-O ({RR} 7.
Bc4 Nc6 8. Qb3 e6 9. Bg5 h6 10. Bxf6 Qxf6 11. O-O Be7 12. Nb5 O-O 13. Qe3 a6
14. Nc3 b5 15. Bb3 Kg7 16. h3 Bb7 17. Rad1 Rac8 18. e5 Nxe5 19. Nxe5 dxe5 20.
Qb6 Rb8 21. Qa5 Bc5 {Pineda,B-Christiansen,L/Dubai 1986/TD/0-1}) 7... Bg7 8. h3
$146 ({RR} 8. Qe2 Nc6 ({RR} 8... O-O 9. Rd1 Nfd7 ({RR} 9... Nc6 10. h3 Bd7 11.
Be3 Qa5 12. Nh2 Rac8 13. f4 Rfe8 14. g4 h5 15. f5 hxg4 16. hxg4 Ne5 17. Bd4 a6
18. Qg2 Nxd3 19. Rxd3 Rc4 20. Nf3 e5 21. Be3 Nxe4 22. Nxe4 Rxe4 23. Ng5 Rxe3
24. Rxe3 {Iglesias Leon,F-Molina Mansilla,R/San Feliu 2000/EXT 2001/0-1}) 10.
Bf4 Nc6 11. Bc4 Nde5 12. Nxe5 Nxe5 13. Bb3 Bd7 14. Nd5 Rc8 15. Bg5 Nc6 16. Qd2
Be6 17. Rac1 Bxd5 18. Bxd5 Qd7 19. Be3 a6 20. f4 e6 21. Bb3 Rfd8 22. Bb6 Re8
23. Qf2 {Goroshkova,L-Kabachenko,M/Lvov 2007/CBM 121 Extra/0-1 (35)}) 9. Rd1
Bg4 10. Bb5 O-O 11. h3 Bxf3 12. Qxf3 Nd7 13. Bf4 Nd4 14. Qd3 Nc5 15. Qf1 Nxb5
16. Qxb5 Bxc3 17. bxc3 Nxe4 18. Qxb7 Nxc3 19. Re1 e5 20. Bh6 Re8 21. Rac1 Na4
22. Rc7 Rb8 {Bescos Mambrona,M-Hamdouchi,H/Malaga 1998/CBM 063 ext/0-1 (48)}) (
{RR} 8. Bc4 Nc6 9. Qe2 Bg4 10. Rd1 Ne5 11. Bb3 O-O 12. Be3 Qd7 13. Nxe5 Bxe2
14. Nxd7 Bxd1 15. Nxf6+ Bxf6 16. Rxd1 Rac8 17. Nd5 Kg7 18. Nxf6 Kxf6 19. Bxa7
Rc6 20. Bd4+ e5 21. Bc3 Rd8 22. g3 Ke7 {
Kummer,H-Haupt,J/Naumburg 2002/EXT 2006/1-0}) 8... O-O 9. Qe2 Nbd7 10. Rd1 a6
11. Bg5 Qa5 12. a3 Ne5 13. Bxf6 Nxf3+ 14. Qxf3 Bxf6 15. Nd5 Bxb2 16. Nxe7+ Kg7
17. Ra2 Be5 18. Nxc8 Raxc8 19. Qe2 Qa4 20. g3 Rc3 21. f4 Bd4+ 22. Kh2 Rfc8 23.
Rb1 Rxa3 24. Rxa3 Qxa3 25. Rxb7 Rc3 26. Bxa6 Qc1 27. Qf1 Rc2+ 28. Kh1 Qd2 0-1

[Event "Cupa CONPET 2010"]
[Site "?"]
[Date "2010.10.24"]
[Round "3.5"]
[White "Turlea , Constantin"]
[Black "Cimpoiasu, Dan"]
[Result "1/2-1/2"]
[WhiteElo "1989"]
[BlackElo "1905"]
[Annotator "Anuta Laurentiu"]
[PlyCount "114"]
[EventDate "2010.??.??"]

1. d4 e6 2. c4 f5 3. Nf3 Nf6 4. g3 Bb4+ 5. Nbd2 b6 6. Bg2 Bb7 7. a3 Bxd2+ 8.
Bxd2 O-O 9. O-O d6 10. b4 Qe7 11. Rc1 c5 12. Bc3 Ne4 13. bxc5 bxc5 14. dxc5
Nxc5 15. Rb1 Nbd7 16. Nd4 Bxg2 17. Kxg2 Nb6 18. Nb5 Rfd8 19. Bb4 Rac8 20. Ba5
Rb8 21. Nd4 Qd7 22. Qc2 Rdc8 23. Bxb6 Rxb6 24. Rxb6 axb6 25. Rd1 Ne4 26. f3 Nf6
27. Qb3 d5 28. Qxb6 dxc4 29. Nxf5 Nd5 30. Qd4 exf5 31. Qxd5+ Qxd5 32. Rxd5 c3
33. Rd1 c2 34. Rc1 Rc3 35. Kf2 Kf7 36. a4 Kf6 37. a5 Ra3 38. Rxc2 Rxa5 39. Rc6+
Kf7 40. f4 Ra3 41. h3 h5 42. Kg2 Re3 43. Kf2 Ra3 44. Rd6 Rb3 45. Rd3 Rb4 46.
Kf3 Kf6 47. Rd6+ Kf7 48. g4 hxg4+ 49. hxg4 g6 50. Rd7+ Ke6 51. Rd3 Rb1 52. Re3+
Kf7 53. Re5 Rf1+ 54. Ke3 Kf6 55. g5+ Kf7 56. Ra5 Rd1 57. Ra7+ Kg8 1/2-1/2

[Event "Cupa CONPET 2010"]
[Site "?"]
[Date "2010.10.23"]
[Round "2.7"]
[White "Romosan, Cristian"]
[Black "Turlea , Constantin"]
[Result "1/2-1/2"]
[WhiteElo "1841"]
[BlackElo "1989"]
[Annotator "Anuta,Laurentiu"]
[PlyCount "21"]
[EventDate "2010.??.??"]

1. d4 Nf6 2. c4 e6 3. Nc3 c5 4. d5 exd5 5. cxd5 d6 6. e4 g6 7. h3 Bg7 8. Bd3
O-O 9. Nge2 Re8 10. Ng3 Nbd7 11. f4 {........} 1/2-1/2

[Event "7. Festival Benidorm 2008 - Sub-2000"]
[Site "Benidorm ESP"]
[Date "2008.12.04"]
[Round "6.18"]
[White "Turlea , Constantin"]
[Black "Montero Garcia, Fco. Javier"]
[Result "1-0"]
[WhiteElo "1985"]
[BlackElo "1887"]
[PlyCount "47"]
[EventDate "2008.11.29"]
[EventRounds "9"]
[EventCountry "ESP"]
[Source "lmi"]
[SourceDate "2005.02.10"]

1. d4 Nf6 2. c4 g6 3. Nc3 Bg7 4. Nf3 O-O 5. g3 d6 6. Bg2 Nc6 7. O-O a6 8. d5
Na5 9. Nd2 c5 10. Qc2 Rb8 11. b3 b5 12. Bb2 e6 13. Rae1 bxc4 14. bxc4 exd5 15.
cxd5 Re8 16. e4 Nh5 17. Nd1 f5 18. Bxg7 Nxg7 19. Qc3 Bd7 20. Re3 fxe4 21. Nxe4
Nf5 22. Nf6+ Kf8 23. Nxd7+ Qxd7 24. Rxe8+ 1-0

[Event "7. Festival Benidorm 2008 - Sub-2000"]
[Site "Benidorm ESP"]
[Date "2008.11.30"]
[Round "2.12"]
[White "Turlea , Constantin"]
[Black "Contreras Poblete, Juan Antonio"]
[Result "0-1"]
[WhiteElo "1985"]
[BlackElo "1852"]
[PlyCount "86"]
[EventDate "2008.11.29"]
[EventRounds "9"]
[EventCountry "ESP"]
[Source "lmi"]
[SourceDate "2005.02.10"]

1. d4 d5 2. c4 e6 3. Nc3 c6 4. e3 f5 5. Nf3 Nf6 6. Bd3 Bd6 7. Qc2 O-O 8. b3
Nbd7 9. Bb2 Ne4 10. O-O-O b6 11. Ne1 Qg5 12. Kb1 a5 13. Qe2 Bb4 14. Rc1 Qe7 15.
f3 Nxc3+ 16. Bxc3 a4 17. Qd2 Ba3 18. Rc2 c5 19. e4 cxd4 20. Bxd4 e5 21. Bb2
fxe4 22. fxe4 d4 23. Bxa3 Qxa3 24. b4 Nb8 25. Nf3 Nc6 26. Rb2 Bg4 27. Rf1 Rad8
28. b5 Bxf3 29. bxc6 Bxg2 30. Rxf8+ Rxf8 31. Rxb6 Bf1 32. Be2 d3 33. Bg4 Bh3
34. Bxh3 Qc5 35. Rb2 a3 36. Rb5 Qxc4 37. Rb3 Rf3 38. Rxd3 Qb5+ 39. Rb3 Rxb3+
40. axb3 Qxb3+ 41. Ka1 Qxh3 42. Qd5+ Kf8 43. c7 Qc3+ 0-1

[Event "Memorial Emil Macarie"]
[Site "Ploiesti"]
[Date "2008.11.23"]
[Round "9"]
[White "Anuta, Laurentiu "]
[Black "Turlea , Constantin"]
[Result "1-0"]
[WhiteElo "2070"]
[BlackElo "1936"]
[Annotator "Anuta Laurentiu"]
[PlyCount "95"]

1. d4 Nf6 2. Nf3 e6 3. Bg5 Be7 4. e3 O-O 5. Bd3 c5 6. c3 b6 7. Qc2 h6 8. Bxf6
Bxf6 9. Be4 d5 10. Bd3 Ba6 11. Bxa6 Nxa6 12. Nbd2 Re8 13. O-O-O b5 14. h4 b4
15. c4 cxd4 16. exd4 Rc8 17. b3 Nc7 18. Qd3 Nb5 19. Kb2 Nc3 20. Ra1 dxc4 21.
bxc4 e5 22. Rhe1 exd4 23. Rxe8+ Qxe8 24. g4 g6 25. g5 hxg5 26. hxg5 Bg7 27. Ne1
Qe5 28. Nef3 Qd6 29. Nb3 Qc6 30. c5 Re8 31. Re1 Rxe1 32. Nxe1 Qd5 33. f4 a5 34.
Nc2 a4 35. Nxb4 Qg2+ 36. Qd2 Qb7 37. a3 axb3 38. Kxb3 Qb5 39. c6 Nd5 40. Qd3
Qxd3+ 41. Nxd3 Kf8 42. Kc4 Nc7 43. Kc5 Ke7 44. a4 Kd8 45. a5 Kc8 46. Kc4 Ne6
47. a6 Kb8 48. Kd5 {........} 1-0

[Event "Cupa Conpet"]
[Site "?"]
[Date "2007.09.29"]
[Round "9.7"]
[White "Turlea , Constantin"]
[Black "Florescu, Alin Cristian"]
[Result "1-0"]
[WhiteElo "1995"]
[BlackElo "1958"]
[Annotator "Anuta Laurentiu"]
[PlyCount "73"]
[EventDate "2007.??.??"]

1. d4 d5 2. c4 e6 3. Nf3 Nf6 4. Nc3 c6 5. Qc2 Be7 6. e4 dxe4 7. Nxe4 Nbd7 8.
Nc3 c5 9. dxc5 Bxc5 10. Bg5 Qb6 11. Bd3 Ng4 12. O-O h6 13. Bf4 a6 14. h3 Ngf6
15. Na4 Qc6 16. Nxc5 Qxc5 17. Rad1 O-O 18. Bd6 Qc6 19. Bxf8 Kxf8 20. Rfe1 b6
21. Bf1 Bb7 22. Nd4 Qc8 23. b4 Kg8 24. Be2 Be4 25. Qb3 Qb7 26. Bf3 Bxf3 27.
Qxf3 Qxf3 28. Nxf3 Rc8 29. Rc1 Kf8 30. Nd4 e5 31. Nf5 Rc6 32. c5 bxc5 33. bxc5
e4 34. Red1 g6 35. Nxh6 Nxc5 36. Ng4 Nh5 37. Rd5 1-0

[Event "Cupa Conpet"]
[Site "?"]
[Date "2007.09.28"]
[Round "8.4"]
[White "Mosnegutu, Klauss"]
[Black "Turlea , Constantin"]
[Result "1-0"]
[WhiteElo "2198"]
[BlackElo "1995"]
[Annotator "Anuta Laurentiu"]
[PlyCount "45"]

1. d4 Nf6 2. c4 e6 3. Nf3 c5 4. Nc3 cxd4 5. Nxd4 Nc6 6. e4 d6 7. Be3 Be7 8. Be2
O-O 9. O-O a6 10. f4 Qc7 11. Rc1 b6 12. Nxc6 Qxc6 13. e5 Ne4 14. Nxe4 Qxe4 15.
Qd2 Rb8 16. Bf3 Qf5 17. exd6 Bf6 18. b4 Bd7 19. Qc2 e5 20. Qxf5 Bxf5 21. c5 Bd3
22. c6 Bxf1 23. Kxf1 1-0

[Event "Cupa Conpet"]
[Site "?"]
[Date "2007.09.27"]
[Round "7.7"]
[White "Dobrin, Catalin"]
[Black "Turlea , Constantin"]
[Result "0-1"]
[WhiteElo "1955"]
[BlackElo "1995"]
[Annotator "Anuta Laurentiu"]
[PlyCount "80"]
[EventDate "2008.01.04"]

1. d4 Nf6 2. c4 e6 3. Nc3 c5 4. d5 d6 5. e4 exd5 6. cxd5 a6 7. a4 g6 8. f4 Qe7
9. Bd3 Bg7 10. Nf3 Bg4 11. h3 Bxf3 12. Qxf3 O-O 13. O-O Nbd7 14. Be3 Rfe8 15.
Qf2 Rac8 16. Rfe1 c4 17. Bc2 Nc5 18. e5 Nfd7 19. exd6 Qxd6 20. Bd4 Bxd4 21.
Qxd4 Ne6 22. Qa7 Nec5 23. Rxe8+ Rxe8 24. f5 Qf8 25. fxg6 Ra8 26. gxh7+ Kh8 27.
Qxa8 Qxa8 28. Re1 Qd8 29. Rf1 Nf6 30. Rf5 Nd3 31. Bxd3 cxd3 32. Rf3 d2 33. Rd3
Qe7 34. d6 Qe1+ 35. Kh2 Nd7 36. h4 Kxh7 37. g3 b5 38. axb5 axb5 39. b4 Qf2+ 40.
Kh3 Qf5+ 0-1

[Event "Cupa Conpet"]
[Site "?"]
[Date "2007.09.26"]
[Round "6.2"]
[White "Turlea , Constantin"]
[Black "Miron, Lucian Costin"]
[Result "0-1"]
[WhiteElo "1995"]
[BlackElo "2351"]
[Annotator "Anuta Laurentiu"]
[PlyCount "98"]

1. d4 Nf6 2. c4 g6 3. Nc3 Bg7 4. e4 O-O 5. e5 Ne8 6. f4 d6 7. Nf3 c5 8. dxc5
Qa5 9. cxd6 exd6 10. Qd5 Qb6 11. exd6 Be6 12. Qb5 Nxd6 13. Qxb6 axb6 14. Nd5
Na6 15. g3 b5 16. Ng5 Rae8 17. Nxe6 Rxe6+ 18. Kf2 bxc4 19. Rb1 b5 20. Bh3 f5
21. Bg2 Nc5 22. Nb4 Bd4+ 23. Kf1 Nde4 24. a3 Rfe8 25. Nc2 Bf6 26. Be3 Nb3 27.
Bxe4 Rxe4 28. Kf2 Rd8 29. Rhe1 Rd3 30. Re2 Kg7 31. Nb4 Rd6 32. Nc2 Rde6 33.
Ree1 Re8 34. Red1 Nc5 35. Rd5 Nd3+ 36. Kf3 g5 37. Rxb5 g4+ 38. Kg2 Rxe3 39.
Nxe3 Rxe3 40. Rb7+ Kg6 41. Rb6 Re2+ 42. Kg1 Kf7 43. Rb7+ Ke6 44. Rb6+ Ke7 45.
Rb7+ Ke8 46. a4 Bd4+ 47. Kh1 Nf2+ 48. Kg2 Ne4+ 49. Kf1 Rxh2 0-1

[Event "Cupa Conpet"]
[Site "?"]
[Date "2007.09.24"]
[Round "4.4"]
[White "Telea, Stefan"]
[Black "Turlea , Constantin"]
[Result "0-1"]
[WhiteElo "2154"]
[BlackElo "1995"]
[Annotator "Anuta Laurentiu"]
[PlyCount "76"]

1. d4 Nf6 2. c4 e6 3. Nf3 c5 4. g3 cxd4 5. Nxd4 Qb6 6. Bg2 Bc5 7. e3 Nc6 8. Nb3
Bb4+ 9. Bd2 Ne5 10. Qc2 O-O 11. O-O Bxd2 12. c5 Qc7 13. Qxd2 Rb8 14. Nc3 b5 15.
f4 Nc4 16. Qd4 e5 17. Qd3 a6 18. Rab1 Bb7 19. e4 exf4 20. Rxf4 Qe5 21. Rf5 Qe6
22. Nd4 Qe7 23. b4 Ne5 24. Qe2 Nc6 25. Nxc6 Bxc6 26. Rbf1 Rfe8 27. e5 Bxg2 28.
Kxg2 Qe6 29. Qf3 Ng4 30. Qxg4 g6 31. Ne4 Kh8 32. R5f4 Qxa2+ 33. Kg1 Qd5 34. Ng5
f5 35. exf6 Qd2 36. Nf7+ Kg8 37. Nh6+ Kh8 38. Qxd7 Qxd7 0-1

[Event "Ploiesti Conpet op"]
[Site "Ploiesti"]
[Date "2007.09.24"]
[Round "5"]
[White "Turlea , Constantin"]
[Black "Anuta, Laurentiu "]
[Result "1/2-1/2"]
[WhiteElo "1995"]
[BlackElo "1988"]
[PlyCount "88"]
[EventDate "2007.09.22"]
[EventType "swiss"]
[EventRounds "9"]
[EventCountry "ROM"]
[Source "ChessBase"]
[SourceDate "2009.11.30"]

1. d4 d5 2. c4 c6 3. Nf3 Nf6 4. Qc2 g6 5. Nbd2 Bf5 6. Qb3 Qb6 7. g3 Qxb3 8.
axb3 Ne4 9. Bg2 Na6 10. O-O h5 11. Nh4 Nxd2 12. Bxd2 Be4 13. f3 Bc2 14. cxd5
cxd5 15. b4 e6 16. b5 Nc7 17. Rac1 Nxb5 18. Rxc2 Nxd4 19. Rc7 Nb3 20. Rd1 Bc5+
21. Kf1 Bb6 22. Rc2 Nxd2+ 23. Rcxd2 g5 24. Nf5 exf5 25. Rxd5 O-O 26. Rxf5 f6
27. f4 Rad8 28. Bd5+ Kg7 29. Kg2 Kg6 30. e4 gxf4 31. Rxf4 Bc7 32. Rf3 Be5 33.
Ra1 a6 34. Ra2 Rd7 35. Rb3 Rc7 36. Rxb7 Rxb7 37. Bxb7 Rb8 38. Bxa6 Rxb2+ 39.
Rxb2 Bxb2 40. Bd3 Kg5 41. Be2 h4 42. Bd3 hxg3 43. Kxg3 Be5+ 44. Kg2 Kh4 1/2-1/2